000 00529nam a2200181Ia 4500
008 090124s9999 xx 000 0 und d
082 _b31539
_a2972
100 _aगोडबोले अरुण रा.
245 _a मातृवंदना
250 _a3
260 _c2000
300 _a32
600 _aगोडबोले अरुण रा.
630 _a मातृवंदना
700 _aगोडबोले अरुण रा.
730 _a मातृवंदना
942 _cBOOK
999 _c145018
_d145018